Spracovanie a analýza obrazu = Processing and analyzing ofimages : Dipl.práca

Gespeichert in:
Bibliographische Detailangaben
1. Verfasser: Lizsica, Peter (Verfasst von)
Weitere Verfasser: Dado, Boris (Betreuung Doktorarbeit)
Format: Manuskript Buch
Sprache:Slowakisch
Veröffentlicht: Bratislava : STU v Bratislave FEI, 1999
Schlagworte:
Tags: Tag hinzufügen
Keine Tags, Fügen Sie das erste Tag hinzu!

MARC

LEADER 00000ntm a22000003a 4500
001 stu50403
005 20160719164850.1
008 990722s1999------------------------slo-d
040 |a STU  |b slo 
041 0 |a slo 
100 1 |a Lizsica, Peter  |4 aut 
245 1 |a Spracovanie a analýza obrazu = Processing and analyzing ofimages :  |b Dipl.práca 
260 |a Bratislava :  |b STU v Bratislave FEI,  |c 1999 
300 |a 55 s., disketa 
650 7 |a informatika  |2 stusub 
700 1 |a Dado, Boris  |4 ths  |u E220  |U FEI Fakulta elektrotechniky a informatiky  |T FEI Katedra informatiky a výpočtovej techniky  |U E220  |Y 69 
996 |b EDIPL-5900  |c I*DIPL-5900  |l II680  |s A  |a 24  |w stu50403_0001